000 01255nam a2200253 a 4500
001 000457346
003 AM-YeHGA
005 20251121095606.0
008 051012s2005 ai |||||r|||||||||0|arm|d
020 _a9993086096
040 _aAM-YeHGA
041 0 _aarm
100 1 _aԳալֆայան-Փանոսյան, Հիլդա Մարգարի,
_d1942-
_93006
245 1 0 _aՄեսրոպեանը ազգային միասնութեան նախապայման :
_bՅօդուածներ եւ նամակներ /
_cՀ. Գալֆայեան-Փանոսեան ; Խմբ.՝ Գ. Տէր-Վարդանեան.
260 _aԵրեւան :
_bՆախիջեւան,
_c2005.
300 _a278 էջ ;
_c21 սմ.
500 _aԿը նուիրեմ հայ ժողովրդի ազգային ինքնութիւնը կերտած մեսրոպեան գիւտի 1600-ամեակին
504 _aՄատենագիտ.՝ տողատակի ծանոթագր.
650 1 4 _aՀայոց այբուբեն
_95806
650 1 4 _aԼեզվաբանություն
_xՀայոց լեզու
700 1 _aՏեր-Վարդանյան, Գևորգ Հմայակի,
_d1951-2023
_eխմբ.
_4edt
856 4 1 _uhttps://arar.sci.am/dlibra/publication/450522/edition/418080/content
_yԿարդալ առցանց
942 _2udc
_cBK
999 _c166297
_d166297